000 00393nam a22001697a 4500
003 SGT
020 _a9789395736367
082 _a611
_bL24M
100 _aMISHRA, SABITA,ed.
245 _aLANGMAN'S MEDICAL EMBRYOLOGY
250 _a2ND
260 _aNEW DELHI
_bWOLTERS KLUWER
_c2024
300 _a346
650 _aEMBRYOLOGY
653 _aLANGMAN'S, MEDICAL, EMBRYOLOGY
942 _2ddc
_cBK
999 _c29200
_d29200